| 000 | 00916nam a22002537a 4500 | ||
|---|---|---|---|
| 999 |
_c5379 _d5379 |
||
| 003 | AR-CdUCM | ||
| 008 | 190312b ||||| |||| 00| 0 spa d | ||
| 040 |
_aMUNICIPALIDAD PROVINCIAL DEL CUSCO _cBIBLIOTECA MUNICIPAL DEL CUSCO |
||
| 082 |
_a305.4 / _bF82 |
||
| 100 |
_aFrance Cathelat, Marie _916215 |
||
| 245 | _aPerfil de la Mujer Peruana 1980-1981 / | ||
| 260 |
_aLima : _bAusonia, _bInvestigaciones Sociales Artísticas, _bFondo del libro del banco industrial del Perú, _c1981. |
||
| 300 |
_a340 paginas ; _c20cm. |
||
| 500 | _aFondo del libro del banco industrial del peru | ||
| 505 | _aContenido: desarrollo del proyecto -- desarrollo formal -- arte conceptual | ||
| 650 |
_aMujeres _93760 |
||
| 650 |
_aPerú _935 |
||
| 650 |
_aCondiciones sociales _91132 |
||
| 650 |
_aConcidicones economicas _916216 |
||
| 650 |
_aPerú _935 |
||
| 700 |
_aTeresa, Burga _916217 |
||
| 942 |
_2ddc _cLIBROS |
||
| 945 | _apjha | ||